00433nam a2200145Ia 4500008004100000020001500041041000800056082001800064100001700082245010000099250000600199260003900205300001200244650003100256210716s1987 xx 000 0 und d a0394567846 aeng a658.3124 PETT aPeters, Tom. aThriving on chaos: handbook for a management revolution.bHandbook for a management revolution. a1 aNew YorkbAlfred A Knopf Incc1987 axii,561 aHuman Resource Development